Aks-E-Bihisht (Record no. 11051)

MARC details
000 -LEADER
fixed length control field 00585nam a2200241 a 4500
020 ## - INTERNATIONAL STANDARD BOOK NUMBER
ISBN
082 00 - DEWEY DECIMAL CLASSIFICATION NUMBER
Classification number 725.2
Author Cutter ABD
100 ## - MAIN ENTRY--AUTHOR NAME
Author name Abdul Waahid, Miyan
245 ## - TITLE STATEMENT
Title Aks-E-Bihisht
260 ## - PUBLICATION, DISTRIBUTION, ETC. (IMPRINT)
Place of publication Lahore
Name of publisher Idara-E-Tuloo-E-Islam
Year of publication 1985
300 ## - PHYSICAL DESCRIPTION
Number of Pages 00p
500 ## - GENERAL NOTE
General note includes index and biblioraphy
505 2# - FORMATTED CONTENTS NOTE
Formatted contents note 58 Photographs
650 ## - SUBJECT ADDED ENTRY--TOPICAL TERM
Topical Term Architecture-Islamic
942 ## - ADDED ENTRY ELEMENTS (KOHA)
Koha item type Books
700 1# -
-- Abdul Waahid, Miyan
Holdings
Collection code Home library Current library Date acquired Cost, normal purchase price Full call number Accession Number Koha item type
  Henry Martyn Institute Library Henry Martyn Institute Library 06/15/2007 400.00 725.2 ABD 017311 Books
                   Copyright © 2026 | Henry Martyn Institute | Hyderabad | TS-500052 | INDIA | Implemented by hmi.edu.in
Hit-Count:

Powered by Koha